000
00281nam a2200085Ia 4500
245
0
_a
Appreciating Asperger syndrome : looking at the upside, with 300 positive points
100
_a
Boyd, Brenda London, 2009
_9
96093
942
_c
BK
008
210817s9999 xx 000 0 und d
999
_c
402412
_d
402411